180 đề tài nói tiếng anh : 180 topics for english speaking practice

Gorde:
Xehetasun bibliografikoak
Egile nagusia:  Lê Văn Sự
Formatua: Sách
Hizkuntza:Undetermined
Argitaratua:  Hồng Đức  2011
Gaiak:
Etiketak: Etiketa erantsi
Etiketarik gabe, Izan zaitez lehena erregistro honi etiketa jartzen!
Thư viện lưu trữ: Trung tâm Thư viện - Trường Đại học Công nghiệp TP. Hồ Chí Minh
LEADER 00522nam a2200157Ia 4500
001 UIH_03888
008 231011s9999 xx 000 0 und d
082 |a  428 
100 |a  Lê Văn Sự 
245 0 |a  180 đề tài nói tiếng anh : 180 topics for english speaking practice 
245 0 |c  Lê Văn Sự 
260 |b  Hồng Đức 
260 |c  2011 
650 |a  Tiếng Anh;  
927 |a Sách 
980 |a Trung tâm Thư viện - Trường Đại học Công nghiệp TP. Hồ Chí Minh